Torschützenliste der Premier League 2014-2015 - Statistiken

Allgemein
  • Dieses Quiz wurde 48 mal gespielt
  • Das Durchschnittsergebnis liegt bei 8 aus 13
Antwortstatistiken
Tore Nationalität Verein Spieler % Korrekt
26 Argentinien Manchester City Sergio Agüero
100%
21 England Tottenham Hotspur Harry Kane
98%
16 Chile FC Arsenal Alexis Sánchez
96%
14 Belgien FC Chelsea Eden Hazard
85%
14 Frankreich FC Arsenal Olivier Giroud
83%
12 Spanien Manchester City David Silva
74%
20 Brasilien / Spanien FC Chelsea Diego Costa
72%
12 England Manchester United Wayne Rooney
72%
13 Belgien Aston Villa Christian Benteke
52%
12 Italien FC Southampton Graziano Pellè
20%
12 Senegal Stoke City Mame Diouf
17%
18 England Queens Park Rangers Charlie Austin
2%
14 England West Bromwich Albion Saido Berahino
0%
Keine übereinstimmenden Quizze gefunden
Verteilung der Resultate
Anzahl Personen mit jedem Resultat
Perzentil nach korrekt beantworteten Fragen
Ihre Resultats-Entwicklung
Sie haben dieses Quiz noch nicht gespielt